ბათუმის შოთა რუსთაველის სახელმწიფო უნივერსიტეტის ბიბლიოთეკა

ორგანული ქიმია ნაწ II კარბოციკლური და ჰეტეროციკლური ნაერთები (ბიბ.ჩანაწერი № 44487)

000 -LEADER
fixed length control field 00949nam a2200217Ia 4500
001 - CONTROL NUMBER
control field 11285
003 - CONTROL NUMBER IDENTIFIER
control field GE_BSU
008 - FIXED-LENGTH DATA ELEMENTS--GENERAL INFORMATION
fixed length control field 181216s||||||||xx |||||||||||||| ||und||
040 ## - CATALOGING SOURCE
Transcribing agency GE_BSU
080 ## - UNIVERSAL DECIMAL CLASSIFICATION NUMBER
Universal Decimal Classification number 547(075.8)
100 ## - MAIN ENTRY--PERSONAL NAME
Personal name გაბრიაძე დ.
245 ## - TITLE STATEMENT
Title ორგანული ქიმია ნაწ II კარბოციკლური და ჰეტეროციკლური ნაერთები
245 ## - TITLE STATEMENT
Remainder of title სახელმძღვან. პედაგოგ. ინ-ტის სტუდენტებისათვის
245 ## - TITLE STATEMENT
Statement of responsibility, etc. რედ: შ. მიქაძე
260 ## - PUBLICATION, DISTRIBUTION, ETC.
Place of publication, distribution, etc. თბილისი
260 ## - PUBLICATION, DISTRIBUTION, ETC.
Name of publisher, distributor, etc. განათლება.
260 ## - PUBLICATION, DISTRIBUTION, ETC.
Date of publication, distribution, etc. 1987
300 ## - PHYSICAL DESCRIPTION
Extent 445გვ.22სმ.
653 ## - INDEX TERM--UNCONTROLLED
Uncontrolled term ორგანული ქიმია ნაწ II კარბოციკლური და ჰეტეროციკლური ნაერთები
942 ## - ADDED ENTRY ELEMENTS (KOHA)
Koha item type წიგნი
ეგზემპლარები
Withdrawn status Lost status Damaged status Not for loan Date acquired Barcode Date last seen Price effective from Koha item type
        2018-12-17 19490 2018-12-17 2018-12-17 წიგნი
        2018-12-17 19491 2018-12-17 2018-12-17 წიგნი
        2018-12-17 19492 2018-12-17 2018-12-17 წიგნი
        2018-12-17 19493 2018-12-17 2018-12-17 წიგნი
        2018-12-17 19494 2018-12-17 2018-12-17 წიგნი
        2018-12-17 19495 2018-12-17 2018-12-17 წიგნი
        2018-12-17 19496 2018-12-17 2018-12-17 წიგნი
        2018-12-17 19497 2018-12-17 2018-12-17 წიგნი
        2018-12-17 19498 2018-12-17 2018-12-17 წიგნი
        2018-12-17 19499 2018-12-17 2018-12-17 წიგნი
        2018-12-17 19500 2018-12-17 2018-12-17 წიგნი
        2018-12-17 19501 2018-12-17 2018-12-17 წიგნი
        2018-12-17 19502 2018-12-17 2018-12-17 წიგნი
        2018-12-17 19503 2018-12-17 2018-12-17 წიგნი